000 00729nam a22001817a 4500
003 BD-DhUL
005 20160906191511.0
008 160126s1998 bg |||| |||| 00| 0 ben
040 _aBD-DhUL
_cBD-DhUL
082 _a954.923
_bRAM
100 1 _aআলম, ম. নুরুল
245 _aরামগতি দর্পণ :
_cম. নুরুল আলম
_bইতিহাস ঐতিহ্যভিত্তিক স্মারকগ্রন্থ
260 _aঢাকা :
_bরামগতি প্রকাশনী;
_c১৯৯৮.
300 _a ৫৩৬ পৃ. :
_c২২ সেমি.
650 _aবাংলাদেশ - ইতিহাস
650 _aBangladesh - History
942 _2ddc
_cBK
999 _c104522
_d104522